Sports Quiz

Random Sports Quiz

West Bromwich Albion EFL Championship Players Quiz Stats

 Plays Quiz not verified by Sporcle

Challenge
Share
Tweet
Embed
Score 0/65 Timer 15:00
0 Plays Today
Player % Correct
Chris Brunt
86.5%
James Morrison
78.4%
Kevin Phillips
78.4%
Scott Carson
75.7%
Jonathan Greening
75.7%
Roman Bednář
73%
Graham Dorrans
64.9%
Robert Koren
64.9%
Ishmael Miller
64.9%
Paul Robinson
64.9%
Zoltán Gera
62.2%
Dean Kiely
62.2%
Luke Moore
62.2%
Russell Hoult
59.5%
Jonas Olsson
59.5%
Jason Koumas
56.8%
Youssuf Mulumbu
56.8%
Neil Clement
54.1%
Nathan Ellington
51.4%
Jerome Thomas
51.4%
Steven Reid
48.6%
Reuben Reid
48.6%
Simon Cox
45.9%
Diomansy Kamara
45.9%
Nigel Quashie
45.9%
Ben Watson
45.9%
Steve Watson
45.9%
Gianni Zuiverloon
45.9%
Martin Albrechtsen
43.2%
Giles Barnes
43.2%
Gabriel Tamaş
40.5%
Filipe Teixeira
40.5%
Curtis Davies
37.8%
Player % Correct
Shelton Martis
37.8%
Ronnie Wallwork
37.8%
Darren Carter
35.1%
Richard Chaplow
35.1%
John Hartson
32.4%
Joe Mattock
32.4%
Chris Perry
32.4%
Craig Beattie
29.7%
Marek Čech
29.7%
Abdoulaye Méïté
29.7%
Andwélé Slory
29.7%
Chris Wood
29.7%
Pascal Zuberbühler
29.7%
Leon Barnett
27%
Carl Hoefkens
27%
Gonzalo Jara
27%
Sam Sodje
27%
Boštjan Cesar
24.3%
Paul McShane
24.3%
Jared Hodgkiss
21.6%
Do-heon Kim
21.6%
Sherjill MacDonald
21.6%
Stuart Nicholson
21.6%
Borja Valero
21.6%
Junichi Inamoto
18.9%
Pelé
18.9%
Bartosz Ślusarski
18.9%
Tininho
18.9%
Luke Steele
16.2%
George Thorne
16.2%
Frank Nouble
10.8%
Shaun Cummings
5.4%

You're not logged in!

Compare scores with friends on all Sporcle quizzes.
Join for Free
OR
Log In

You Might Also Like...

Show Comments

Extras

Top Quizzes Today


Score Distribution

Your Account Isn't Verified!

In order to create a playlist on Sporcle, you need to verify the email address you used during registration. Go to your Sporcle Settings to finish the process.

Report this User

Report this user for behavior that violates our Community Guidelines.

Details: